000 00503nam a2200157 a 4500
001 000046530
005 20201002052934.0
008 150824s1968 dr a r 000 0 spa d
040 _aDO-SdBNP
_bspa
_cBNPHU
082 _axxxx
_bM385l
100 1 _aMartínez de San Vicente, Jesús
_974519
245 1 0 _aLenguaje y nociones de gramatica :
_b5to grado /
_cJesús Martínez de San Vicente.
260 _aSanto Domingo :
_bS. M.,
_c1968.
300 _a111 p. :
_bil. ;
_c25 cm.
590 _aInventariado, 2018/BT
999 _c46019
_d46019